00354nam a2200169Ia 4500003000400000005001700004008004100021040000700062041000800069082001900077100001300096245003500109260000900144300001100153365000800164650001200172OSt20230531120252.0210423s1995 xx 000 0 und d cAL aeng a000 223bNYLA aNYLOGRIP aArt of two wheeler maintenance c1995 a34bPB cINR aGeneral